| 000 | 004530000a22001810004500 | ||
|---|---|---|---|
| 999 |
_c48571 _d48571 |
||
| 001 | 1410 | ||
| 003 | CO-MdFUSB | ||
| 005 | 20171115163701.0 | ||
| 008 | 170914b xxu||||| |||| 00| 0 eng d | ||
| 020 | _a958-04-2378-4 | ||
| 040 | _cCO-MdBIC | ||
| 082 | 0 | 4 | _a863C Ta63cu |
| 100 | 1 | _aWilde, Oscar | |
| 245 | 1 | 0 | _aCuentos / Oscar Wilde ; ilustraciones de Patricia Rodríguez |
| 260 | _aSanta fé de Bogotá : Norma | ||
| 300 | _a126 P. | ||
| 942 | _cLGB | ||